| 000 | 00566nam a22001577a 4500 | ||
|---|---|---|---|
| 999 |
_c15493 _d15493 |
||
| 003 | OSt | ||
| 008 | 180919b ||||| |||| 00| 0 eng d | ||
| 082 |
_a631.56 _bAKH/DE |
||
| 100 |
_aAkhila K.G _aGopika P _aSonal Baiju _93349 |
||
| 245 | _aDevelopment and quality evaluation of hot extruded RTE products from speciality rice | ||
| 260 |
_aThavanur _bDepartment of food and agriculture process engineering _c2018 |
||
| 300 |
_a60 _eCD |
||
| 700 |
_aK.P Sudheer (Guide) _93238 |
||
| 856 | _uhttps://drive.google.com/open?id=1JXY9VqIytYOJJsFqjtSpXGE330zlzAhd | ||
| 942 | _cPR | ||